Cómo elaborar un proyecto. Guía para diseñar proyectos sociales y culturales.

Uloženo v:
Podrobná bibliografie
Hlavní autor: Ander-Egg, Ezequiel (autor)
Další autoři: Aguilar Idáñez, María José (autora)
Médium: Kniha
Vydáno: Buenos Aires, Argentina: Lumen-Hvmanitas, 2005.
Vydání:18.ª edición.
Edice:Colección Política, Servicios y Trabajo Social.
Témata:
Tagy: Přidat tag
Žádné tagy, Buďte první, kdo vytvoří štítek k tomuto záznamu!

MARC

LEADER 00000nam a22000007a 4500
003 CL-VaPUC
005 20250407202437.0
008 250306t2005 ||||| |||| 00| 0 spa d
999 |c 447135  |d 447133 
020 |a 950-724-416-6 
040 |c Pontificia Universidad Católica de Valparaíso 
082 0 4 |a 361.25 AND 2005  |2 21 
100 |a Ander-Egg, Ezequiel  |e autor  |9 563263 
245 1 0 |a Cómo elaborar un proyecto.  |b Guía para diseñar proyectos sociales y culturales. 
250 |a 18.ª edición.  
260 |a Buenos Aires, Argentina:  |b Lumen-Hvmanitas,  |c 2005. 
300 |a 127 páginas.  
490 0 |a Colección Política, Servicios y Trabajo Social. 
500 |a c.1.-c.5. Instituto Arcos 8-1-2025. 
583 |a last modification  |c 20121104 08:50:40 
650 |a Proyectos sociales   |x Diseño  |9 896364 
650 |a Proyectos culturales   |x Diseño  |9 896365 
700 |a Aguilar Idáñez, María José  |e autora  |9 371515 
942 |c BK  |2 ddc  |n 0 
945 |d 20001110 00:00:00  |a vberengu 
952 |0 0  |1 0  |2 ddc  |4 0  |6 361_250000000000000_AND_2005  |7 0  |8 A  |9 600674  |a BIBINC  |b BIBINC  |d 2025-03-06  |e Instituto Arcos   |i 5665564  |l 1  |o 361.25 AND 2005  |p 5665564  |r 2025-04-14  |s 2025-04-11  |t 1  |w 2025-03-06  |y BK  |k IFP 
952 |0 0  |1 0  |2 ddc  |4 0  |6 361_250000000000000_AND_2005  |7 0  |8 A  |9 600677  |a BIBINC  |b BIBINC  |d 2025-03-06  |e Instituto Arcos   |i 5665565  |o 361.25 AND 2005  |p 5665565  |r 2025-03-06  |t 2  |w 2025-03-06  |y BK  |k IFP 
952 |0 0  |1 0  |2 ddc  |4 0  |6 361_250000000000000_AND_2005  |7 0  |8 A  |9 600678  |a BIBINC  |b BIBINC  |d 2025-03-06  |e Instituto Arcos   |i 5665566  |o 361.25 AND 2005  |p 5665566  |r 2025-03-06  |t 3  |w 2025-03-06  |y BK  |k IFP 
952 |0 0  |1 0  |2 ddc  |4 0  |6 361_250000000000000_AND_2005  |7 0  |8 A  |9 600679  |a BIBINC  |b BIBINC  |d 2025-03-06  |e Instituto Arcos   |i 5665567  |o 361.25 AND 2005  |p 5665567  |r 2025-03-06  |t 4  |w 2025-03-06  |y BK  |k IFP 
952 |0 0  |1 0  |2 ddc  |4 0  |6 361_250000000000000_AND_2005  |7 0  |8 A  |9 600680  |a BIBINC  |b BIBINC  |d 2025-03-06  |e Instituto Arcos   |i 5665568  |o 361.25 AND 2005  |p 5665568  |r 2025-03-06  |t 5  |w 2025-03-06  |y BK  |k IFP